[Event "Hessen-ch U16"]
[Site "Bad Homburg"]
[Date "2005.??.??"]
[Round "3"]
[White "Loebig, Timo"]
[Black "Schlegel, Dennis"]
[Result "1-0"]
[WhiteElo "1414"]
[BlackElo "1552"]
[PlyCount "57"]
[EventDate "2005.04.??"]
[EventType "swiss"]
[EventRounds "8"]
[EventCountry "GER"]
[SourceTitle "EXT 2007"]
[Source "ChessBase"]
[SourceDate "2006.11.23"]
[SourceVersion "1"]
[SourceVersionDate "2006.11.23"]
[SourceQuality "1"]

1. b3 e5 2. Bb2 Nc6 3. e3 Nf6 4. Ne2 Be7 5. Ng3 0-0 6. Be2 Re8 7. 0-0 d5 8. d4 e4 9. a3 Bd6 10. c4 b6 11. Nc3 Ne7 12. cxd5 Nexd5 13. Nb5 Be7 14. Rc1 a6 15. Nc3 Be6 16. Ncxe4 Nxe4 17. Nxe4 f5 18. Ng3 Bh4 19. Bf3 Qg5 20. Rc6 Qe7 21. Nxf5 Qd7 22. Rxe6 Bxf2+ 23. Rxf2 Qxe6 24. e4 Nf4 25. Qd2 Ng6 26. Qc3 Ra7 27. Nxg7 Kxg7 28. d5+ Qe5 29. Qc2 1-0